| 000 | 02238nam0a2200337 4500 | ||
|---|---|---|---|
| 001 | RU\NLR\BIBL_A\012738933 | ||
| 005 | 20220726155015.0 | ||
| 010 |
_a978-5-7513-3107-8 _950 |
||
| 021 |
_aRU _bКН-П-21-084700 _9КН-П-21-6746 |
||
| 035 | _a(NLR Aleph) 012738933 | ||
| 035 | _a(RuMoRGB)010904871 | ||
| 090 |
_a12996075 _c12996075 |
||
| 100 | _a20220323d2021 u y0rusy50 ca | ||
| 101 | 0 | _arus | |
| 102 | _aRU | ||
| 105 | _aa|||z|||000zy | ||
| 181 | 0 |
_ai _baxxe |
|
| 182 | 0 | _an | |
| 200 | 1 |
_aСовременные проблемы науки и образования _eучебное пособие по дисциплине Б1.Б.1.2 "Современные проблемы науки и образования" для программы магистратуры по направлению подготовки 44.04.01 - Педагогическое образование. Направленность (профиль) "Приоритетные направления науки в физическом образовании" _fТ. И. Степанова _gМинистерство науки и высшего образования Российской Федерации, Северо-Восточный федеральный университет имени М. К. Аммосова, Физико-технический институт |
|
| 203 |
_aТекст _bвизуальный _cнепосредственный |
||
| 210 |
_aЯкутск _cСеверо-Восточный федеральный университет _d2021 |
||
| 215 |
_a91 с. _cил., табл. _d21 |
||
| 320 | _aБиблиогр. в конце разд. | ||
| 606 | 1 |
_aСинергетика _jУчебные издания для высших учебных заведений _xПрименение в образовании _92128553 _3RU\NLR\AUTH\661588358 |
|
| 610 | 0 | _aсинергетика в образовании | |
| 686 | 1 | _aЧ312я73 | |
| 700 | 1 |
_7ca _8rus _aСтепанова _bТ. И. _cд-р пед. наук _gТамара Ильинична _992436 _3RU\NLR\AUTH\77109511 |
|
| 942 | _cBOOK | ||
| 980 | _aNB | ||